Statistics for Scheldeprijs Winners (since 2000)

Click here to take the quiz!

General Stats

  • This quiz has been taken 4 times
    (2 since last reset)
  • The average score is 19 of 25

Answer Stats

YearNationalityAnswerTeam% Correct
2022NorwayAlexander KristoffIntermarché-Wanty-Gobert Matériaux
100%
2015NorwayAlexander KristoffTeam Katusha
100%
2020AustraliaCaleb EwanLotto-Soudal
100%
2019The NetherlandsFabio JakobsenDeceuninck-Quick-Step
100%
2018The NetherlandsFabio JakobsenQuick-Step Floors
100%
2021BelgiumJasper PhilipsenAlpecin-Fenix
100%
2023BelgiumJasper PhilipsenAlpecin-Deceuninck
100%
2012GermanyMarcel KittelArgos-Shimano
100%
2017GermanyMarcel KittelQuick-Step Floors
100%
2016GermanyMarcel KittelEtixx-Quick-Step
100%
2014GermanyMarcel KittelGiant-Shimano
100%
2013GermanyMarcel KittelArgos-Shimano
100%
2008Great BritainMark CavendishTeam High Road
100%
2011Great BritainMark CavendishHTC-Highroad
100%
2007Great BritainMark CavendishT-Mobile Team
100%
2024BelgiumTim MerlierSoudal–Quick-Step
100%
2006BelgiumTom BoonenQuick-Step-Innergetic
100%
2004BelgiumTom BoonenQuick-Step-Davitamon
100%
2009ItalyAlessandro PetacchiLPR Brakes-Farnese Vini
50%
2002AustraliaRobbie McEwenLotto-Adecco
50%
2001ItalyEndrio LeoniAlessio
0%
2000ItalyEndrio LeoniAlessio
0%
2003BelgiumLudovic CapelleLandbouwkrediet-Colnago
0%
2005The NetherlandsThorwald VenebergRabobank
0%
2010United StatesTyler FarrarGarmin-Transitions
0%

Score Distribution

Percentile by Number Answered

Percent of People with Each Score

Your Score History

You have not taken this quiz since the last reset